| 000 -LEADER |
| fixed length control field |
06988cam a2200721 a 4500 |
| 001 - CONTROL NUMBER |
| control field |
11651320 |
| 003 - CONTROL NUMBER IDENTIFIER |
| control field |
USPCAS-E |
| 005 - DATE AND TIME OF LATEST TRANSACTION |
| control field |
20180118181419.0 |
| 008 - FIXED-LENGTH DATA ELEMENTS--GENERAL INFORMATION |
| fixed length control field |
120910s2013 njua b 001 0 eng |
| 010 ## - LIBRARY OF CONGRESS CONTROL NUMBER |
| LC control number |
2012034409 |
| 015 ## - NATIONAL BIBLIOGRAPHY NUMBER |
| National bibliography number |
GBB2A7191 |
| Source |
bnb |
| 016 7# - NATIONAL BIBLIOGRAPHIC AGENCY CONTROL NUMBER |
| Record control number |
016195500 |
| Source |
Uk |
| 020 ## - INTERNATIONAL STANDARD BOOK NUMBER |
| International Standard Book Number |
9781118017128 (cloth) |
| 020 ## - INTERNATIONAL STANDARD BOOK NUMBER |
| International Standard Book Number |
1118017129 (cloth) |
| 020 ## - INTERNATIONAL STANDARD BOOK NUMBER |
| International Standard Book Number |
9781118221907 (ePDF) |
| 020 ## - INTERNATIONAL STANDARD BOOK NUMBER |
| International Standard Book Number |
1118221907 (ePDF) |
| 020 ## - INTERNATIONAL STANDARD BOOK NUMBER |
| International Standard Book Number |
9781118260562 (Mobi) |
| 020 ## - INTERNATIONAL STANDARD BOOK NUMBER |
| International Standard Book Number |
1118260562 (Mobi) |
| 020 ## - INTERNATIONAL STANDARD BOOK NUMBER |
| International Standard Book Number |
9781118235980 (ePub) |
| 020 ## - INTERNATIONAL STANDARD BOOK NUMBER |
| International Standard Book Number |
1118235983 (ePub) |
| 024 8# - OTHER STANDARD IDENTIFIER |
| Standard number or code |
40022068919 |
| 035 ## - SYSTEM CONTROL NUMBER |
| System control number |
(OCoLC)ocn809789701 |
| 035 ## - SYSTEM CONTROL NUMBER |
| System control number |
(OCoLC)809789701 |
| Canceled/invalid control number |
(OCoLC)740230913 |
| -- |
(OCoLC)768167595 |
| -- |
(OCoLC)837557509 |
| -- |
(OCoLC)907631353 |
| 040 ## - CATALOGING SOURCE |
| Original cataloging agency |
DLC |
| Language of cataloging |
eng |
| Transcribing agency |
DLC |
| Modifying agency |
UKMGB |
| -- |
YDXCP |
| -- |
BTCTA |
| -- |
BDX |
| -- |
CHVBK |
| -- |
OCLCF |
| -- |
YUS |
| -- |
PAU |
| -- |
CDX |
| -- |
PMC |
| -- |
BEDGE |
| -- |
NLGGC |
| -- |
A7U |
| 042 ## - AUTHENTICATION CODE |
| Authentication code |
pcc |
| 049 ## - LOCAL HOLDINGS (OCLC) |
| Holding library |
ZCUA |
| 050 00 - LIBRARY OF CONGRESS CALL NUMBER |
| Classification number |
HD9502.A2 |
| Item number |
E54385 2013 |
| 082 00 - DEWEY DECIMAL CLASSIFICATION NUMBER |
| Classification number |
333.79 |
| Edition number |
23 |
| Author Mark |
ENE 2013 |
| 084 ## - OTHER CLASSIFICATION NUMBER |
| Classification number |
83.65 |
| Number source |
bcl |
| 245 00 - TITLE STATEMENT |
| Title |
Energy finance and economics : |
| Remainder of title |
analysis and valuation, risk management, and the future of energy / |
| Statement of responsibility, etc. |
editors Betty J. Simkin, Russell E. Simkins, editors. |
| 260 ## - PUBLICATION, DISTRIBUTION, ETC. |
| Place of publication, distribution, etc. |
Hoboken, N.J. : |
| Name of publisher, distributor, etc. |
Wiley, |
| Date of publication, distribution, etc. |
c2013. |
| 300 ## - PHYSICAL DESCRIPTION |
| Extent |
xi, 606 p. : |
| Other physical details |
ill. ; |
| Dimensions |
26 cm. |
| 490 1# - SERIES STATEMENT |
| Series statement |
Robert W. Kolb series in finance |
| 502 ## - DISSERTATION NOTE |
| Dissertation note |
. |
| 504 ## - BIBLIOGRAPHY, ETC. NOTE |
| Bibliography, etc. note |
Includes bibliographical references and index. |
| 505 0# - FORMATTED CONTENTS NOTE |
| Formatted contents note |
An introduction to energy finance and economics / Betty J. Simkins and Russell E. Simkins -- Geopolitics and world energy markets / Robert W. Kolb -- Energy economics : past, present, and prospects for the future / James L. Williams and Betty J. Simkins -- Sustainable energy : myths and realities / Olamide O. Shadiya ... [et al.] -- A brief introduction to the petroleum industry : from crude oil and natural gas to petrochemicals and their products / Russell E. Simkins and Kenneth A. Borokhovich -- The economics of renewable energy / Brad Cason -- How our political views affect our view of energy prices / Sheridan Titman -- Oil and gas accounting / L. Charles Evans III -- Financial statement analysis for oil and gas companies and competitive benchmarking / Siamak Javadi, Betty J. Simkins, and Mary E. Wicker -- Petroleum economics, risk and opportunity analysis : some practical perspectives / David A. Wood -- Real options and applications in the energy industry / Betty J. Simkins and Kris Kemper -- International petroleum fiscal system design and analysis / David Johnston -- Financing large energy projects / Stephen V. Arbogast and Praveen Kumar -- Financing bio-fuels projects : case study lessons / Stephen V. Arbogast -- Energy derivatives and markets / Craig Pirrong and Mohsen Mollagholamali -- Introduction to energy risk management / Ivilina Popova and Betty J. Simkins -- Risks in trading energy commodities / Divya Krishnan -- Carbon management and environmental issues / Evgenia Golubeva -- Hedging and value in the U.S. airline industry / David A. Carter, Daniel A. Rogers, and Betty J. Simkins -- PKO Resources, Inc. : valuing a producing oil and gas property / John D. Martin, J. Douglas Ramsey, and Sheridan Titman -- Financial analysis of the purchase of a hybrid consumer vehicle / Don M. Chance, Pratik Dhar, and Betty J. Simkins -- ExxonMobil Corp.'s acquisition of XTO Energy, Inc. : an exercise in valuation / Allissa A. Lee and Betty J. Simkins -- Southwest Airlines : the blended winglet project / Aaron Martin, Daniel A. Rogers, and Betty J. Simkins -- Wind Energy Power Company, Inc. (A) : analyzing a wind energy investment / John D. Martin, J. Douglas Ramsey, and Sheridan Titman -- A case study on risk maagement : lessons from the collapse of Amaranth Advisors LLC / Ludwig Chincarini. |
| 520 ## - SUMMARY, ETC. |
| Summary, etc. |
When it comes to the issue of energy finance and economics, there are many opinions out there, but what's really needed in order to gain a realistic understanding of this field are accurate and unbiased facts. That's why Energy Finance and Economics, part of the Robert W. Kolb Series in Finance, has been created. Engaging and informative, this reliable guide contains the latest insights regarding the finance and economics of energy based on contributions by practitioners and academics who are experts in these areas. It's intended to bridge the gap between the scientific and technological foundations of energy and the real-world applications in the fields of finance and economics. Divided into four comprehensive parts--with each chapter containing review questions to help reinforce key concepts--this book offers extensive coverage in the areas of valuation, analysis, and risk management, and includes timely discussions about the future of energy. Page by page, it addresses the most essential issues associated with energy finance and economics, and will help you: Gain valuable knowledge regarding energy supply and demand, industry structure, the myths and realities about sustainable energy, geopolitics and world energy use, and the drivers of energy prices. Develop a better sense of value creation and decision-making in the energy industry. Understand energy applications for best practices in financial analysis, including accounting standards that apply to oil and gas companies, capital budgeting and risk analysis for energy projects, and the economics of renewables. Become familiar with the various types of energy derivatives and markets, and utilize key hedging techniques useful to energy risk management. Put the field in perspective with practical case studies related to energy financial analysis such as the economics of buying a hybrid vehicle; Southwest Airlines' decision to retrofit their fleet of jets with blended winglets to save on fuel costs; and the economics of wind energy projects, among others. Energy finance is a complex topic, but with this book as your guide, you'll gain a broad understanding of it, and discover how it can be effectively applied in real-world situations. |
| 650 #0 - SUBJECT ADDED ENTRY--TOPICAL TERM |
| Topical term or geographic name entry element |
Energy industries |
| General subdivision |
Finance. |
| 650 #0 - SUBJECT ADDED ENTRY--TOPICAL TERM |
| Topical term or geographic name entry element |
Energy policy. |
| 650 #0 - SUBJECT ADDED ENTRY--TOPICAL TERM |
| Topical term or geographic name entry element |
Renewable natural resources. |
| 650 #7 - SUBJECT ADDED ENTRY--TOPICAL TERM |
| Topical term or geographic name entry element |
Energy industries |
| General subdivision |
Finance. |
| Source of heading or term |
fast |
| 650 #7 - SUBJECT ADDED ENTRY--TOPICAL TERM |
| Topical term or geographic name entry element |
Energy policy. |
| Source of heading or term |
fast |
| 650 #7 - SUBJECT ADDED ENTRY--TOPICAL TERM |
| Topical term or geographic name entry element |
Renewable natural resources. |
| Source of heading or term |
fast |
| 650 #7 - SUBJECT ADDED ENTRY--TOPICAL TERM |
| Topical term or geographic name entry element |
Politique énergétique. |
| Source of heading or term |
eclas |
| 650 #7 - SUBJECT ADDED ENTRY--TOPICAL TERM |
| Topical term or geographic name entry element |
Economie de l'énergie. |
| Source of heading or term |
eclas |
| 650 #7 - SUBJECT ADDED ENTRY--TOPICAL TERM |
| Topical term or geographic name entry element |
Analyse financière. |
| Source of heading or term |
eclas |
| 650 #7 - SUBJECT ADDED ENTRY--TOPICAL TERM |
| Topical term or geographic name entry element |
Analyse des risques. |
| Source of heading or term |
eclas |
| 650 #7 - SUBJECT ADDED ENTRY--TOPICAL TERM |
| Topical term or geographic name entry element |
Modèles économiques. |
| Source of heading or term |
eclas |
| 650 #7 - SUBJECT ADDED ENTRY--TOPICAL TERM |
| Topical term or geographic name entry element |
Ressources énergétiques. |
| Source of heading or term |
eclas |
| 650 #7 - SUBJECT ADDED ENTRY--TOPICAL TERM |
| Topical term or geographic name entry element |
Etudes de cas. |
| Source of heading or term |
eclas |
| 650 #7 - SUBJECT ADDED ENTRY--TOPICAL TERM |
| Topical term or geographic name entry element |
Energiewirtschaft. |
| Source of heading or term |
gnd |
| 650 #7 - SUBJECT ADDED ENTRY--TOPICAL TERM |
| Topical term or geographic name entry element |
Nachhaltigkeit. |
| Source of heading or term |
gnd |
| 650 #7 - SUBJECT ADDED ENTRY--TOPICAL TERM |
| Topical term or geographic name entry element |
Finanzierung. |
| Source of heading or term |
gnd |
| 650 #7 - SUBJECT ADDED ENTRY--TOPICAL TERM |
| Topical term or geographic name entry element |
Risikomanagement. |
| Source of heading or term |
gnd |
| 650 #7 - SUBJECT ADDED ENTRY--TOPICAL TERM |
| Topical term or geographic name entry element |
Energiepolitik. |
| Source of heading or term |
gnd |
| 650 #7 - SUBJECT ADDED ENTRY--TOPICAL TERM |
| Topical term or geographic name entry element |
Energiemarkt. |
| Source of heading or term |
gnd |
| 700 1# - ADDED ENTRY--PERSONAL NAME |
| Personal name |
Simkins, Betty J., |
| Dates associated with a name |
1957- |
| 700 1# - ADDED ENTRY--PERSONAL NAME |
| Personal name |
Simkins, Russell E. |
| 830 #0 - SERIES ADDED ENTRY--UNIFORM TITLE |
| Uniform title |
Robert W. Kolb series in finance. |
| 942 ## - ADDED ENTRY ELEMENTS (KOHA) |
| Source of classification or shelving scheme |
|
| Koha item type |
Book |
| 948 1# - LOCAL PROCESSING INFORMATION (OCLC); SERIES PART DESIGNATOR (RLIN) |
| Series part designator, SPT (RLIN) |
20151207 |
| b (OCLC) |
c |
| c (OCLC) |
rad1 |
| d (OCLC) |
MPS |
| 948 2# - LOCAL PROCESSING INFORMATION (OCLC); SERIES PART DESIGNATOR (RLIN) |
| Series part designator, SPT (RLIN) |
20151207 |
| b (OCLC) |
a |
| c (OCLC) |
rad1 |
| d (OCLC) |
MPS |